00654 2200205 4500001002100000005001700021008004100038035002400079040001200103082001000115090001900125100002000144245008900164260007200253300003800325500002500363504002700388650001500415990001800430YOGYA-0113000000046720130108133551.0 ind  0010-011300000000467 aYOPDYOG a306.8 aSK 306.8 Agu F aAGUS SUDARMANTO aFaktor-faktor yang mempengaruhi perkawinan di usia muda/disusun oleh Agus Sudarmanto aYogyakartabSekolah Tinggi Pembangunan Masyarakat Desa "APMD"c2001 aXIII,92,(27)lbrbilus,lampc29 cm aSkripsi STPMD "APMD" aBibliografi(lbr.93-94) aPerkawinan a42420-PD/A.12